书目信息 |
| 题名: |
帝鉴图说
|
|
| 作者: | 张居正, 原著 ;王艳军 主编 | |
| 分册: | 第二册 | |
| 出版信息: | 北京 线装书局 2016 |
|
| 页数: | 435-880页 | |
| 开本: | 23cm | |
| 丛书名: | 国学经典文库 | |
| 单 册: | ||
| 中图分类: | D092.2 | |
| 科图分类: | ||
| 主题词: | 政治思想史--zheng zhi si xiang shi--中国--古代 | |
| 电子资源: | ||
| ISBN: | 978-7-5120-2129-7 | |
| 000 | 01119nam 2200265 450 | |
| 001 | 2356485707 | |
| 005 | 20231214092323.70 | |
| 010 | @a978-7-5120-2129-7@b精装@dCNY149.50, CNY598.00 (全4册) | |
| 100 | @a20181221d2016 em y0chiy50 ea | |
| 101 | 0 | @achi |
| 102 | @aCN@b110000 | |
| 105 | @aaf z 000yy | |
| 200 | 1 | @a帝鉴图说@Adi jian tu shuo@e图文珍藏版@h第二册@f(明) 张居正原著@g王艳军主编 |
| 210 | @a北京@c线装书局@d2016 | |
| 215 | @a435-880页@c图 (部分彩图)@d23cm | |
| 225 | 2 | @a国学经典文库@Aguo xue jing dian wen ku |
| 307 | @a第一册, 434页, [6] 页图版; 第二册, 435-880页; 第三册, 881-1326页; 第四册, 1329-1772页 | |
| 330 | @a本书分为上下两部分, 上编收录了从远古尧舜时代到北宋时期、历代贤君圣主励精图治、兴国安邦的典故八十一则, 题名“圣哲芳规”; 下编收录历代昏君暴主穷奢极欲、祸国殃民的典故三十六则, 题名“狂愚覆辙”。 | |
| 410 | 0 | @12001 @a国学经典文库 |
| 606 | 0 | @a政治思想史@Azheng zhi si xiang shi@y中国@z古代 |
| 690 | @aD092.2@v5 | |
| 701 | 0 | @a张居正,@Azhang ju zheng@f1525-1582@4原著 |
| 702 | 0 | @a王艳军@Awang yan jun@4主编 |
| 801 | 0 | @aCN@b湖北三新@c20181221 |
| 905 | @aZUCC@dD092.2@e11:2 | |
| 帝鉴图说:图文珍藏版.第二册/(明) 张居正原著/王艳军主编.-北京:线装书局,2016 |
| 435-880页:图 (部分彩图);23cm.-(国学经典文库) |
| ISBN 978-7-5120-2129-7(精装):CNY149.50, CNY598.00 (全4册) |
| 本书分为上下两部分, 上编收录了从远古尧舜时代到北宋时期、历代贤君圣主励精图治、兴国安邦的典故八十一则, 题名“圣哲芳规”; 下编收录历代昏君暴主穷奢极欲、祸国殃民的典故三十六则, 题名“狂愚覆辙”。 |
| ● |
| 相关链接 |
|
|
|
正题名:帝鉴图说
索取号:D092.2/11:2
 
预约/预借
| 序号 | 登录号 | 条形码 | 馆藏地/架位号 | 状态 | 备注 |
| 1 | 2001462341 | 2001462341 | 218书库/ [索取号:D092.2/11:2] | 在馆 | |
| 2 | 2001462342 | 2001462342 | 315书库/ [索取号:D092.2/11:2] | 在馆 | |
| 3 | 2001462343 | 2001462343 | 315书库/ [索取号:D092.2/11:2] | 在馆 | |
| 4 | 2001462344 | 2001462344 | 315书库/ [索取号:D092.2/11:2] | 在馆 | |
| 5 | 2001462345 | 2001462345 | 315书库/ [索取号:D092.2/11:2] | 在馆 | |
| 6 | 2001462346 | 2001462346 | 218书库/ [索取号:D092.2/11:2] | 在馆 | |
| 7 | 2001462347 | 2001462347 | 218书库/ [索取号:D092.2/11:2] | 在馆 | |
| 8 | 2001462348 | 2001462348 | 504书库/ [索取号:D092.2/11:2] | 在馆 | |
| 9 | 2001462349 | 2001462349 | 218书库/ [索取号:D092.2/11:2] | 在馆 | |
| 10 | 2001462350 | 2001462350 | 218书库/ [索取号:D092.2/11:2] | 在馆 | |
| 11 | 2001464111 | 2001464111 | 505书库/ [索取号:D092.2/11:2] | 在馆 | |
| 12 | 2001464112 | 2001464112 | 第四书库/四18架A面2层2列/ [索取号:D092.2/11:2] | 在馆 | |
| 13 | 2001464113 | 2001464113 | 第四书库/四18架A面2层2列/ [索取号:D092.2/11:2] | 在馆 | |
| 14 | 2001464114 | 2001464114 | 505书库/ [索取号:D092.2/11:2] | 在馆 | |
| 15 | 2001464115 | 2001464115 | 505书库/ [索取号:D092.2/11:2] | 在馆 | |
| 16 | 2001464116 | 2001464116 | 504书库/ [索取号:D092.2/11:2] | 在馆 | |
| 17 | 2001464117 | 2001464117 | 505书库/ [索取号:D092.2/11:2] | 在馆 | |
| 18 | 2001464118 | 2001464118 | 505书库/ [索取号:D092.2/11:2] | 在馆 | |
| 19 | 2001464119 | 2001464119 | 505书库/ [索取号:D092.2/11:2] | 在馆 | |
| 20 | 2001464120 | 2001464120 | 504书库/ [索取号:D092.2/11:2] | 在馆 | |
| 21 | 2001466031 | 2001466031 | 504书库/ [索取号:D092.2/11:2] | 在馆 | |
| 22 | 2001466032 | 2001466032 | 504书库/ [索取号:D092.2/11:2] | 在馆 | |
| 23 | 2001466033 | 2001466033 | 504书库/ [索取号:D092.2/11:2] | 在馆 | |
| 24 | 2001466034 | 2001466034 | 218书库/ [索取号:D092.2/11:2] | 在馆 | |
| 25 | 2001466035 | 2001466035 | 315书库/ [索取号:D092.2/11:2] | 在馆 | |
| 26 | 2001466036 | 2001466036 | 第四书库/四18架A面2层2列/ [索取号:D092.2/11:2] | 在馆 | |
| 27 | 2001466037 | 2001466037 | 第四书库/四18架A面2层2列/ [索取号:D092.2/11:2] | 在馆 | |
| 28 | 2001466038 | 2001466038 | 第四书库/四18架A面2层2列/ [索取号:D092.2/11:2] | 在馆 | |
| 29 | 2001466039 | 2001466039 | 第四书库/四18架A面2层2列/ [索取号:D092.2/11:2] | 在馆 | |
| 30 | 2001466040 | 2001466040 | 315书库/ [索取号:D092.2/11:2] | 在馆 |